| 000 | 00813nam a22002417a 4500 | ||
|---|---|---|---|
| 005 | 20240814173954.0 | ||
| 008 | s1998 eng d | ||
| 041 | _aeng | ||
| 100 | 0 | _aPastrana, reginald M. | |
| 245 | 1 | 0 | _aGuide to the senate |
| 260 | 3 |
_aPhilippines : _bSenate of the Philippines, _c1998 |
|
| 300 |
_a154 p. : _b ill ; _c 27 cm. |
||
| 650 | 0 | 4 | _aLegislatives bodies -- Philippines |
| 650 | 0 | 4 | _aSenate of the Philippines |
| 650 | 0 | 4 | _aSenate of the Philippines -- Legislatives process |
| 650 | 0 | 4 | _aSenate of the Philippines -- Rules of procedure |
| 700 | 0 | _aPastrana, reginald M. | |
| 850 | _aNALT | ||
| 942 | _cLB | ||
| 997 | _c000000000020516 | ||
| 998 |
_aนางสาวเบญจลักษณ์ สุทธิวิไล _j25 _k นีลวัสน์ อินทรักษา |
||
| 999 |
_c20516 _d20516 |
||
| 090 | _aKD219.P6.2 P37G 1998 | ||